00438nam a2200157Ia 45000010006000000050017000060080041000230410008000640820017000721000027000892450111001162600009002273000028002366500008002646540008002721931920260306172644.0260306t2015||||xx |||||||||||||| ||spa|| aESP a658.834bA69 aArellano, RolandoeAUT 0aVamos a comprar un político:b: aplicando nuestra experiencia de compra a la más importante elección c2015 a166 páginas :c23 cm. aGEN aCAN